LIBRARY & INFORMATION CENTRE, KCAET, TAVANUR

ONLINE PUBLIC ACCESS CATALOGUE (OPAC)

Coiled serpent / (Record no. 2069)

MARC details
000 -LEADER
fixed length control field 00432cam a2200181ua 4500
041 ## - LANGUAGE CODE
Language code of text/sound track or separate title eng
082 ## - DEWEY DECIMAL CLASSIFICATION NUMBER
Classification number 176
Item number VLI/CO
100 ## - MAIN ENTRY--AUTHOR NAME
Personal name Vliet, C.J.Van .
245 ## - TITLE STATEMENT
Title Coiled serpent /
250 ## - EDITION STATEMENT
Edition statement 1 /
260 ## - PUBLICATION, DISTRIBUTION, ETC. (IMPRINT)
Place of publication Ahmadabad :
Name of publisher Navajivan publishing house ,
Year of publication 1963.
300 ## - PHYSICAL DESCRIPTION
Number of Pages 439 ; .
942 ## - ADDED ENTRY ELEMENTS (KOHA)
Koha item type Books
Holdings
Withdrawn status Lost status Damaged status Home library Current library Date acquired Full call number Accession Number Koha item type
Withdrawn   Damaged KAUAET KAUAET 07/04/2012 176 2285 Books
free website counter